000 00312nam a2200133Ia 4500
005 20251222144837.0
008 251222s9999||||xx |||||||||||||| ||spa||
020 _a978-612-4030-27-7
082 _a922.2/L41P
100 _aPeña, Ángel
245 0 _aSanta Teresa De Lisieux
264 _bLlamkay
942 _cLIB
999 _c21081
_d21081